00846nam a2200229Ii 45000010005000000030009000050080041000140200015000550400033000700410008001030820019001111000037001302450034001672640117002013000012003183360026003303370028003563380027003849400050004119990017004619520138004785881CO-ViMGA241108s9999||||xx |||||||||||||| ||und|| a9589144195 aCO-ViMGAbspaerdacCO-ViMGA0 aunk04a860.08037 J2371 aEuclides Jaramillo Arango95442510aMitos y relatos del Quindío 1a[Lugar de publicación no identificado] : Fondo Cultural Cafetero para Federación Nacional de Cafeteros, 1989 avolumen atextbtxt2rdacontent aunmediatedbn2rdamedia avolumebnc2rdacarrier aidficha_siabuc: 5734. -- ficha_no_siabuc:5881 c51409d51409 001040708001aMEVIGERRbMEVIGERRcGENd2006-11-27o860.08037 J237pECA5061r2024-11-26 10:02:47tEj.1w2024-11-26yBKz5734 | 8020